LIBRARY ONLINE CATALOGUE

The Dynamics of Mass Communication (Record no. 17188)

MARC details
000 -LEADER
fixed length control field 00451nam a22001577a 4500
008 - FIXED-LENGTH DATA ELEMENTS--GENERAL INFORMATION
fixed length control field 180917b xxu||||| |||| 00| 0 eng d
020 ## - INTERNATIONAL STANDARD BOOK NUMBER
International Standard Book Number 0071221467
050 ## - LIBRARY OF CONGRESS CALL NUMBER
Classification number P90
Item number .D66 2013 c.1
100 ## - MAIN ENTRY--PERSONAL NAME
Personal name Dominick, Joseph R.
245 ## - TITLE STATEMENT
Title The Dynamics of Mass Communication
Remainder of title Media in Transition
Statement of responsibility, etc. Joseph R. Dominick
250 ## - EDITION STATEMENT
Edition statement 11th ed.
260 ## - PUBLICATION, DISTRIBUTION, ETC. (IMPRINT)
Place of publication, distribution, etc. New York
Name of publisher, distributor, etc. McGrawHill
Date of publication, distribution, etc. 2013
300 ## - PHYSICAL DESCRIPTION
Extent xxiii, 482p.
650 ## - SUBJECT ADDED ENTRY--TOPICAL TERM
Topical term or geographic name as entry element Mass Media
942 ## - ADDED ENTRY ELEMENTS (KOHA)
Source of classification or shelving scheme Library of Congress Classification
Koha item type General Collection
Holdings
Withdrawn status Lost status Source of classification or shelving scheme Not for loan Home library Current library Date acquired Cost, normal purchase price Total Checkouts Full call number Barcode Date last seen Date last checked out Price effective from Koha item type
    Library of Congress Classification   Kabarak, Main Campus Kabarak, Main Campus 17/09/2018 3712.00 3 P90 .D66 2013 c.1 022124 16/07/2021 02/07/2021 17/09/2018 General Collection